| 000 | 00819cam a22002651 4500 | ||
|---|---|---|---|
| 999 |
_c22820 _d22820 |
||
| 001 | 7025967 | ||
| 003 | BDDh-ASL | ||
| 005 | 20231015030148.0 | ||
| 008 | 721113s1960 xx 000 0 eng | ||
| 010 | _a 61001374 | ||
| 035 | _a(OCoLC)492560 | ||
| 040 |
_aDLC _cODaWU _dOCoLC _dDLC _dBDDh-ASL |
||
| 050 | 0 | 0 |
_aGN855.I4 _bG6 1960 |
| 082 |
_a954 _bGOP |
||
| 100 | 1 |
_aGordon, D. H. _q(Douglas Hamilton), _d1895- |
|
| 245 | 1 | 4 | _aThe pre-historic background of Indian culture / |
| 250 | _a[2d ed.] | ||
| 260 |
_aBombay : _bSole distributors: N.M.Tripathi (Private) _c[1960] |
||
| 300 |
_a199 p. : _c25 cm. |
||
| 504 | _aBibliography: p. 193-195. | ||
| 651 | 0 |
_aIndia _xAntiquities. |
|
| 710 | 2 | _aBuhlabhai Memorial Institute, Bombay. | |
| 906 |
_a7 _bcbc _coclcrpl _du _encip _f19 _gy-gencatlg |
||
| 942 |
_2ddc _cBK |
||